| 000 | 00503nam a2200193Ia 4500 | ||
|---|---|---|---|
| 005 | 20250508165645.0 | ||
| 008 | 008 250505s9999 xx 000 0 eng d | ||
| 037 | _aReference | ||
| 040 |
_aFEDL _beng _cFEDL |
||
| 041 |
_aeng _2eng |
||
| 084 |
_a510, NCE/RR _qFEDL |
||
| 100 | _aNCERT | ||
| 245 | 0 | _aMathematics : A textbook for class Xl | |
| 260 |
_aDelhi, India _bNCERT _c1999 |
||
| 300 | _ax, 430 | ||
| 365 |
_aINR _b59 |
||
| 942 |
_cREF _h510, NCE/RR |
||
| 999 |
_c1396553 _d1396553 |
||